Từ điển thành ngữ tục ngữ ca dao VN, Quyển thượng

সংরক্ষণ করুন:
গ্রন্থ-পঞ্জীর বিবরন
বিন্যাস: অজ্ঞাত
ভাষা:English
প্রকাশিত: 2003
বিষয়গুলি:
ট্যাগগুলো: ট্যাগ যুক্ত করুন
কোনো ট্যাগ নেই, প্রথমজন হিসাবে ট্যাগ করুন!
Thư viện lưu trữ: Mạng thư viện Đại học Đà Nẵng
LEADER 00998ca a2200277 4500
001 000032404
003 8492
005 20151021000000.0
008 151002s2003 vm 000 eng
041 |a eng 
082 |a 495.923  |b VI-C 
245 |a Từ điển thành ngữ tục ngữ ca dao VN, Quyển thượng  |c Việt Chương 
260 |c 2003 
650 |a Từ điển thành ngữ tục ngữ ca dao VN, Quyển thượng, Việt Chương, ca dao VN, thành ngữ 
852 |b Chuyên đề  |c Từ điền 1 
OWN |a LNN 
AVA |a UDN50  |b LNN  |d 495.923 VI-C  |e available  |t Error 5001 Not defined in file expand_doc_bib_avail.  |f 1  |g 0  |h N  |i 0  |k 1 
999 |a From the UDN01 
AVA |a UDN50  |b LNN  |d 495.923 VI-C  |e available  |t Error 5001 Not defined in file expand_doc_bib_avail.  |f 1  |g 0  |h N  |i 0  |k 1 
980 |a Mạng thư viện Đại học Đà Nẵng